000 00704nam a2200205Ii 4500
003 JO-AjNU
008 230605s9999||||xx |||||||||||||| ||und||
040 _aJO-AjNU
_bara
_erda
_cJO-AjNU
041 _aara
050 1 4 _aTS136.M3352 2018
100 3 _aحمود، خضير كاظم، م. مشارك روان منير الشيخ ,
_eauthor
_958085
245 0 0 _aإدارة الجودة في المنظمات المتميزة
250 _aط1
264 3 1 _aعمان: دار صفاء للنشر والتوزيع، 2018
300 _a328ص
336 _atext
_btxt
_2rdacontent
337 _aunmediated
_bn
_2rdamedia
338 _avolume
_bnc
_2rdacarrier
650 4 _aإدارة الجودة
_958086
999 _aA26066
_c29634
_d29634